| 000 | 00561nam a2200217Ia 4500 | ||
|---|---|---|---|
| 008 | 160803s9999 xx 000 0 und d | ||
| 020 | _a9780547026862 | ||
| 100 | _aFreedman, Russell | ||
| 245 | 4 | _aThe war to end all wars : | |
| 245 | _cby Russell Freedman. | ||
| 260 | _aNew York : | ||
| 260 | _bScholastic Inc. | ||
| 260 | _c2010 | ||
| 300 | _a176 pages : | ||
| 300 | _billustrations, map ; | ||
| 300 | _c25 cm. | ||
| 650 | _aWorld War, 1914-1918 -- | ||
| 650 | _aWorld War, 1914-1918. | ||
| 650 | _xJuvenile literature. | ||
| 700 | _a1220 | ||
| 999 |
_c298314 _d298314 |
||